Analysis and Sustainable Utilization of Flue Gases Emitted from Diesel Generators in Drilling Operations (Record no. 67288)

MARC details
000 -LEADER
fixed length control field 00542nam a22001217a 4500
100 ## - MAIN ENTRY--AUTHOR NAME
Personal name Punhal Khan
-- 16MEEE09
-- Supervisor - Dr. Abdul Qayoom Jakhrani
245 ## - TITLE STATEMENT
Title Analysis and Sustainable Utilization of Flue Gases Emitted from Diesel Generators in Drilling Operations
260 ## - PUBLICATION, DISTRIBUTION, ETC. (IMPRINT)
Place of publication Nawabshah
Name of publisher QUEST
Year of publication 2020
300 ## - PHYSICAL DESCRIPTION
Number of Pages 28p.
650 ## - SUBJECT ADDED ENTRY--TOPICAL TERM
Topical Term Flue Gases
-- Analysis and Sustainable Utilization
-- Diesel Generators in Drilling Operations
-- Department of Energy and Environment Engineering
856 ## - ELECTRONIC LOCATION AND ACCESS
Uniform Resource Identifier http://tinyurl.com/5a9sta2w
942 ## - ADDED ENTRY ELEMENTS (KOHA)
Koha item type Thesis and Dissertation
Holdings
Withdrawn status Lost status Home library Current library Date acquired Accession Number Koha item type
    Research Section Research Section 31/08/2021 MP/66-848 Thesis and Dissertation
    Research Section Research Section 23/10/2023 MP/63-805 Thesis and Dissertation